| 000 | 01234nam a22003497a 4500 | ||
|---|---|---|---|
| 001 | BRCA_9252 | ||
| 003 | FranzMayer | ||
| 005 | 20230717135224.0 | ||
| 008 | 230712b |||||||| |||| 00| 0 eng d | ||
| 020 | _a9788419785367 | ||
| 040 |
_aMFM _besp _cMFM |
||
| 050 | 0 |
_aTR820 _bW67 2023 |
|
| 110 | 1 |
_aWorld Press Photo _928680 |
|
| 240 | 1 |
_aWorld Press Photo 2023 _lespañol |
|
| 245 | _aWorld Press Photo 2023 | ||
| 260 |
_aAlemania _bBlume _c2023 |
||
| 300 |
_a219 p _bilustraciones _c25 cm |
||
| 500 | _aL60/N3 | ||
| 505 | 0 | _aDestinado a: Fotógrafos, artistas, periodistas, sociólogos, historiadores, investigadoresTexto en: españolIncluye índice de imágenes | |
| 610 | 2 |
_aWorld Press Photo _928681 |
|
| 650 | 2 |
_2Fotoperiodismo _aExposiciones _vPremios _928682 |
|
| 650 | 2 |
_2Fotografía _aExposiciones _vPremios _928682 |
|
| 700 | 1 |
_4Ed. _aBolt, Rodney _928683 |
|
| 700 | 1 |
_4Ed. _aKozakiewicz, Julia _928684 |
|
| 700 | 1 |
_4Dir. _aEl Zein Khoury, Joumans _928685 |
|
| 700 | 1 |
_4Tex. _aAlmagro Ocaña, Mercedes _928686 |
|
| 700 | 1 |
_4Inv. _aDhami, Kuljit _928687 |
|
| 700 | 1 |
_4Trad. _aDeza Guil, Gemma _928688 |
|
| 700 | 1 |
_4Trad. _aRodríguez Fisher, Cristina _928689 |
|
| 710 | 1 |
_aWorld Press Photo _928680 |
|
| 942 |
_2lcc _cB |
||
| 999 |
_c10871 _d10871 |
||